Sports Quiz

Random Sports or Football Quiz

Women Soccer World Cup (all-time-table) Quiz Stats

 Plays Quiz not verified by Sporcle

Challenge
Share
Tweet
Embed
Score 0/24 Timer 05:00
0 Plays Today
Points Country % Correct
86United States
100%
72Germany
98%
24Japan
95.9%
49Brazil
94.5%
11France
93%
56Sweden
92.4%
44China
91.9%
15Canada
91.6%
62Norway
90.4%
19England
90.1%
13Australia
85.5%
2Mexico
85.5%
Points Country % Correct
0South Korea
79.7%
10Italy
76.7%
12Russia
74.1%
1New Zealand
73.5%
0Argentina
73.5%
10Denmark
72.7%
1Colombia
70.3%
11Nigeria
67.2%
11North Korea
65.4%
4Ghana
39%
3Taiwan
19.2%
0Equatorial Guinea
18.9%

You're not logged in!

Compare scores with friends on all Sporcle quizzes.
Join for Free
OR
Log In

You Might Also Like...

Show Comments

Extras

Top Quizzes Today


Score Distribution

Your Account Isn't Verified!

In order to create a playlist on Sporcle, you need to verify the email address you used during registration. Go to your Sporcle Settings to finish the process.

Report this User

Report this user for behavior that violates our Community Guidelines.

Details: